Difícil dinámica socio laboral al inicio del año (cuarta parte)
Gardado en:
| Formato: | Texto |
|---|---|
| Materias: | |
| Etiquetas: |
Engadir etiqueta
Sen Etiquetas, Sexa o primeiro en etiquetar este rexistro!
|
MARC
| LEADER | 00000 a a2200000 04500 | ||
|---|---|---|---|
| 001 | 5933 | ||
| 003 | |||
| 040 | |||
| 245 | |a Difícil dinámica socio laboral al inicio del año (cuarta parte) | ||
| 650 | |a RELACIONES LABORALES | ||
| 650 | |a INSTITUCIONES PUBLICAS | ||
| 650 | |a TRABAJO | ||
| 650 | |a SALUD | ||
| 650 | |a SEGURIDAD SOCIAL | ||
| 650 | |a PRIVATIZACION | ||
| 650 | |a SINDICATOS | ||
| 650 | |a ORGANIZACIONES POPULARES | ||
| 773 | |g volumen 15, número 653; páginas 10-11 | ||
| 999 | |c 37427 |d 37427 | ||
